| 000 | 01052nas a2200289 4500 | ||
|---|---|---|---|
| 001 | BR2011008305 | ||
| 003 | BR-BrBNA | ||
| 005 | 20231205115902.0 | ||
| 007 | ta | ||
| 008 | 230509b bl.|||p| |||| 00| 00por d | ||
| 040 |
_aBR-BrBNA _bpor _cBiblioteca Nacional de Agricultura |
||
| 041 | _a(Pt) | ||
| 072 | _aL73 | ||
| 100 | 1 | _aFriesen, R. | |
| 100 | 1 | _aTurek, E. | |
| 100 | 1 | _aFarias, M.R. de | |
| 245 | 1 | _aEstudo retrospectivo da dermafitose canina entre janeiro de 2004 a janeiro de 2009 na Unidade Hospitalar para Animais de Companhia - PUCPR | |
| 246 | 1 | _aRetrospective study of canine dermatophytosis from january 2004 to january 2009 in hospital for pets of PUCPR | |
| 650 | _aCÃO | ||
| 650 | _aDOENÇA ANIMAL | ||
| 650 | _aZOONOSE | ||
| 650 | _aFUNGO | ||
| 650 | _a | ||
| 773 | 0 |
_tMEDVEP. Revista Científica de Medicina Veterinária. Pequenos Animais e Animais de Estimação (Brazil) _xISSN 1678-1430 _g(Apr-Jun 2009), v. 7(21) p. 160-165 _wBR2011008305 |
|
| 909 |
_a202311 _bLúcia _c55 _dLúcia Elande |
||
| 942 |
_2AGRIS _n0 _cANA |
||
| 999 |
_c216158 _d216158 |
||